Statistiques concernant Conseillers fédéraux Suisse (2023)

Cliquez ici pour prendre le quiz!

Statistiques générales

  • Ce quiz a été pris 26 fois
  • Le résultat moyen est 6 sur 7

Statistiques - réponses

Département fédéralNom du conseillerParti PolitiqueCanton% Correct
Département fédéral des affaires étrangères (DFAE)Ignazio CassisPLRTI
96%
Département fédéral de l'économie, de la formation et de la recherche (DEFR)Guy ParmelinUDCVD
91%
Département fédéral de l'intérieur (DFI)Alain BersetPSFR
87%
Département fédéral des finances (DFF)Karin Keller-SutterPLRSG
87%
Département fédéral de la défense, de la protection de la population et des sports (DDPS)Viola Amherdle CentreVS
87%
Département fédéral de l'environnement, des transports, de l'énergie et de la communication (DETEC)Albert RöstiUDCBE
78%
Département fédéral de justice et police (DFJP)Elisabeth Baume-SchneiderPSJU
70%

Distribution des résultats

Percentile par nombre de réponses

% des personnes avec chaque résultat

Votre développement - résultats

Vous n’avez pas pris ce quiz